000 00351nam a22001457a 4500
003 macl
005 20181106122757.0
008 181106b xxu||||| |||| 00| 0 eng d
040 _cmacl
100 _aArihnat
_973165
245 _aSSC Constable Recruitment Exam 2018
260 _aDelhi
_bArihnat
_c2018
650 _aGk
_973166
942 _2ddc
_cBK
999 _c58545
_d58545